[Event "Uniagraria AlphaZero op 2nd"]
[Site "Uniagraria"]
[Date "2019.11.11"]
[Round "6"]
[White "Penagos, Esneider"]
[Black "Mora Garcia, Edwin Andres"]
[Result "0-1"]
[WhiteElo "1599"]
[BlackElo "1340"]
[PlyCount "134"]
[EventDate "2019.11.08"]
[EventType "swiss"]
[EventRounds "7"]
[EventCountry "COL"]
[SourceTitle "CBM 193 Extra"]
[Source "ChessBase"]
[SourceDate "2020.01.31"]
[SourceVersion "1"]
[SourceVersionDate "2020.01.31"]
[SourceQuality "1"]

1. e4 e5 2. Nf3 Nc6 3. Nc3 Nf6 4. a3 Bc5 5. Bc4 a6 6. d3 0-0 7. Bg5 h6 8. Bh4 Re8 9. 0-0 g5 10. Bg3 d6 11. h3 Nh5 12. Nh2 Nxg3 13. Bxf7+ Kh7 14. Bxe8 Qxe8 15. Ng4 Bxg4 16. Qxg4 Nxf1 17. Qf5+ Qg6 18. Qxg6+ Kxg6 19. Kxf1 Rf8 20. f3 Ne7 21. Ne2 Bd4 22. c3 Be3 23. d4 Bf4 24. d5 c6 25. Rd1 cxd5 26. Kf2 Rd8 27. g3 dxe4 28. gxf4 exf3 29. f5+ Nxf5 30. Kxf3 Kf6 31. c4 h5 32. Nc3 g4+ 33. hxg4 hxg4+ 34. Ke4 Rc8 35. Nd5+ Ke6 36. Nb6 Rc6 37. c5 Nd4 38. Na4 d5+ 39. Ke3 Nb3 40. Rg1 Nxc5 41. Nxc5+ Rxc5 42. Rxg4 Rb5 43. b4 a5 44. bxa5 Rxa5 45. a4 b5 46. axb5 Rxb5 47. Rg6+ Kf5 48. Rg8 Rb3+ 49. Kd2 Rh3 50. Rf8+ Ke4 51. Rf2 Rd3+ 52. Kc2 Ke3 53. Rh2 e4 54. Rh3+ Ke2 55. Rh2+ Kf1 56. Rh1+ Kg2 57. Re1 Kf2 58. Rh1 d4 59. Rh4 Re3 60. Kd2 Re2+ 61. Kd1 d3 62. Rh2+ Kf1 63. Rh1+ Kg2 64. Rh4 e3 65. Re4 Kf3 66. Rd4 Rd2+ 67. Kc1 Ke2 0-1

[Event "Uniagraria AlphaZero op 2nd"]
[Site "Uniagraria"]
[Date "2019.11.10"]
[Round "4"]
[White "Penagos, Esneider"]
[Black "Moreno Mora, Jaime Alberto"]
[Result "0-1"]
[WhiteElo "1599"]
[BlackElo "1875"]
[PlyCount "35"]
[EventDate "2019.11.08"]
[EventType "swiss"]
[EventRounds "7"]
[EventCountry "COL"]
[SourceTitle "CBM 193 Extra"]
[Source "ChessBase"]
[SourceDate "2020.01.31"]
[SourceVersion "1"]
[SourceVersionDate "2020.01.31"]
[SourceQuality "1"]

1. d4 d5 2. Nf3 Nf6 3. Nc3 Bf5 4. e3 e6 5. h3 Be7 6. Bd3 Bg6 7. Qe2 Nbd7 8. e4 dxe4 9. Bxe4 Nxe4 10. Nxe4 c6 11. Ng3 Bf6 12. Be3 0-0 13. 0-0 Re8 14. Rfd1 Qc7 15. Qd2 Nb6 16. Ne2 Nc4 17. Qc3 Nxe3 18. fxe3 0-1